O maravilhoso livro da água (Registo nº 4386)

Detalhes MARC
000 -Etiqueta do registo
Cabeçalho 00848cam a2200313 4500
005 - Identificador da versão
Campo de controlo 20240813122059.0
095 ## -
-- PTBN00667867
010 ## - Número internacional normalizado dos livros (ISBN)
Número (ISBN) 972662374X
021 ## - Número do Depósito Legal
Código do país PT
Número 79424/94
100 ## - Dados gerais de processamento
Dados gerais de processamento 19941031d1994 a y0pory5003 ba
102 ## - Pais de publicação ou produção
País de publicação Portugal
101 1# - Língua de publicação
Língua do texto, banda sonora, etc. Português
Língua do documento no original Inglês
106 ## - Campo de dados codificados: material textual
Dados codificados do material textual r
105 ## - Campo de dados codificados: livros
Dados codificados dos livros a z 001zy
215 ## - Descrição física 
Indicação específica da natureza do documento e extensão da espécie 104 p. a 2 colns
Outras indicações físicas il.
Dimensões 24 cm
200 1# - Titulo e menção de responsabilidade
Título próprio O maravilhoso livro da água
Primeira menção de responsabilidade Deborah Seed
Outras menções de responsabilidade il. Bob Beeson
-- trad. Ana Duarte
205 ## - Menção da edição
Menção da edição 1ª ed
210 ## - Publicação, Distribuição, etc. 
Lugar da edição, distribuição, etc. Lisboa
Nome do editor, distribuidor, etc. Gradiva
Data da publicação, distribuição, etc. 1994
304 ## - Notas relativas a título e menção de responsabilidade 
Texto da nota Tít. orig.: The amazing water book
675 ## - Classificação Decimal Universal (CDU)
Notação 087.5
Edição BN
Língua da edição por
Notação 546
Edição BN
Língua da edição por
702 #1 - Nome de autor-pessoa física (responsabilidade secundária)
Número de registo de entrada de autoridade 0001186
Palavra de ordem Beeson
Outra parte do nome não tomada para palavra de ordem Bob
Código de função Ilustrador / Técnico de desenho computorizado
Número de registo de entrada de autoridade 0001103
ID Autoridade 1
Palavra de ordem Duarte
Outra parte do nome não tomada para palavra de ordem Ana
Código de função Tradutor
700 #1 - Nome de autor-pessoa física (responsabilidade principal)
Número de registo de entrada de autoridade 0001185
Palavra de ordem Seed
Outra parte do nome não tomada para palavra de ordem Deborah
942 ## - Elementos de entrada adicionados (Koha)
Tipo de item no Koha Livro
Exemplares
Situação do levantamento Origin of item (home branch) (coded) Biblioteca de empréstimo Código de barras Cota Circulation type (not for loan) Tipo de documento Nota do exemplar Damaged status
  Biblioteca Escolar das Vendas Biblioteca Escolar das Vendas BEV1125/2005 0 SEE   Livro Sem mensagem